Información básica del sector agropecuario y de recursos naturales renovables de Costa Rica (número 2)
Gespeichert in:
| Körperschaft: | |
|---|---|
| Format: | Text |
| Veröffentlicht: |
San José:
SEPSA
|
| Schlagworte: | |
| Tags: |
Tag hinzufügen
Keine Tags, Fügen Sie den ersten Tag hinzu!
|
MARC
| LEADER | 00000 a a2200000 04500 | ||
|---|---|---|---|
| 001 | 14239 | ||
| 003 | |||
| 040 | |||
| 090 | |a 013600 | ||
| 110 | |a Costa Rica. Secretaría Ejecutiva de Planificación sectorial Agropecuaria y de Recursos Naturales Renovables | ||
| 245 | |a Información básica del sector agropecuario y de recursos naturales renovables de Costa Rica (número 2) | ||
| 260 | |a San José: |b SEPSA | ||
| 300 | |a 4; 155 p. | ||
| 650 | |a SECTOR AGROPECUARIO | ||
| 999 | |c 7886 |d 7886 | ||
